Přírodní památky České republiky = Natural monuments of the Czech Republic = Naturdenkmäler der Tschechischen Republik /
| Korporativní autor: | Kartografie Praha (firma) |
|---|---|
| Jazyk: | Němčina Slovenština Polština Čeština Angličtina |
| Vydáno: |
Praha : Kartografie Praha, [2015] |
| Vydání: | 1. vydání |
| Témata: | |
| Fyzický popis: |
1 mapa : barevná ; 56 x 96 cm, složeno na 23 x 13 cm |
| Language note: |
Místní jména česky a částečně německy, polsky a slovensky, český, anglický a německý text |
| LEADER | 02018nem a2200481 i 4500 | ||
|---|---|---|---|
| 001 | nkc20152698861 | ||
| 003 | CZ PrNK | ||
| 005 | 20150630133137.0 | ||
| 007 | aj canzn | ||
| 008 | 150507t20152015xr z a 1 cze | ||
| 015 | |a cnb002698861 | ||
| 020 | |a 978-80-7393-345-6 | ||
| 034 | 1 | |a a |b 500000 |d E0120500 |e E0185100 |f N0510300 |g N0483200 | |
| 040 | |a BOA001 |b cze |d ABA001 |e rda | ||
| 041 | 0 | |a cze |a eng |a ger |a pol |a slo | |
| 043 | |a e-xr--- | ||
| 072 | 7 | |a 913(437) |x Geografie Česka a Slovenska, reálie, cestování |2 Konspekt |9 7 | |
| 072 | 7 | |a 912 |x Mapy. Atlasy. Glóby |2 Konspekt |9 7 | |
| 080 | |a 502.21(1-751.4) |2 MRF | ||
| 080 | |a 913(437.3) |2 MRF | ||
| 080 | |a (084.3) |2 MRF | ||
| 110 | 2 | |a Kartografie Praha (firma) |7 kn20010724363 |4 aut |4 pbl | |
| 245 | 1 | 0 | |a Přírodní památky České republiky = |b Natural monuments of the Czech Republic = Naturdenkmäler der Tschechischen Republik / |c zpracovala a vydala Kartografie Praha |
| 246 | 3 | 1 | |a Natural monuments of the Czech Republic |
| 246 | 3 | 1 | |a Naturdenkmäler der Tschechischen Republik |
| 250 | |a 1. vydání | ||
| 255 | |a Měřítko 1:500 000 |c (E 12°05ʹ00ʺ--E 18°51ʹ00ʺ/N 51°03ʹ00ʺ--N 48°32ʹ00ʺ) | ||
| 264 | 1 | |a Praha : |b Kartografie Praha, |c [2015] | |
| 264 | 4 | |c ©2015 | |
| 300 | |a 1 mapa : |b barevná ; |c 56 x 96 cm, složeno na 23 x 13 cm | ||
| 336 | |a kartografický obraz |b cri |2 rdacontent | ||
| 336 | |a text |b txt |2 rdacontent | ||
| 337 | |a bez média |b n |2 rdamedia | ||
| 338 | |a svazek |b nc |2 rdacarrier | ||
| 500 | |a Seznam přírodních památek, na rubu stručný vlastivědný text s barevnými kresbami | ||
| 546 | |a Místní jména česky a částečně německy, polsky a slovensky, český, anglický a německý text | ||
| 650 | 0 | 7 | |a přírodní památky |7 ph137870 |z Česko |2 czenas |
| 655 | 7 | |a mapy |7 fd132800 |2 czenas | |
| 910 | 2 | |a BOA001 |b Mp2-1348.305 | |
| 990 | |a MP | ||
| 995 | |a 01 | ||
| 991 | |b 201506 |c NOV |e n | ||
| 996 | 6 | |b 2610633727 |c Mp2-1348.305 |l MZK |r Sklad / do 1 hodiny |n 1 |p p.v. |w 001507075 |u 000010 |a 1 |e BOA001 |j MZK50 |s P | |
English
Čeština 